[Event "Bundesliga 2021-22"]
[Site "Berlin GER"]
[Date "2022.07.08"]
[Round "12.8"]
[Board "8"]
[White "Dautov, Rustem"]
[Black "Kramer, Julian"]
[Result "1/2-1/2"]
[WhiteTitle "GM"]
[BlackTitle "IM"]
[WhiteElo "2596"]
[BlackElo "2423"]
[WhiteTeam "Schachfreunde Deizisau"]
[BlackTeam "Hamburger SK"]
[WhiteFideId "4623606"]
[BlackFideId "12921742"]
[EventDate "2022.03.05"]

1. d4 Nf6 2. c4 g6 3. Nf3 Bg7 4. g3 c6 5. Bg2 d5 6. Qb3 O-O 7. O-O Qb6 8. Nc3
Rd8 9. cxd5 Qxb3 10. axb3 Nxd5 11. Bg5 Kf8 12. Rfd1 Be6 13. Ra3 Nb4 14. Rd2 h6
15. Bf4 g5 16. Be5 N8a6 17. Bxg7+ Kxg7 18. e3 f6 19. Re2 Kf7 20. Ne1 Bd5 21. Nc2
f5 22. Bxd5+ Nxd5 23. Ra5 Nac7 24. Ne1 b6 25. Ra1 c5 26. dxc5 bxc5 27. Ra5 Ne6
28. Na4 Rab8 29. Nd3 Nb4 30. Nxb4 Rxb4 31. Nxc5 Nxc5 32. Rxc5 Kf6 33. Rc6+ e6
34. Rc7 Ra8 35. Rh7 Kg6 36. Re7 Kf6 37. Rh7 Kg6 38. Re7 Kf6 1/2-1/2

[Event "Bundesliga 2021-22"]
[Site "Berlin GER"]
[Date "2022.07.09"]
[Round "13.1"]
[Board "1"]
[White "Grandelius, Nils"]
[Black "Niemann, Hans Moke"]
[Result "1/2-1/2"]
[WhiteTitle "GM"]
[BlackTitle "GM"]
[WhiteElo "2663"]
[BlackElo "2642"]
[WhiteTeam "Hamburger SK"]
[BlackTeam "SK Doppelbauer Turm Kiel"]
[WhiteFideId "1710400"]
[BlackFideId "2093596"]
[EventDate "2022.03.05"]

1. e4 e5 2. Nf3 Nc6 3. Bb5 a6 4. Ba4 Nf6 5. O-O Be7 6. d3 b5 7. Bb3 d6 8. c3 O-O
9. h3 Na5 10. Bc2 c5 11. d4 Qc7 12. d5 Nc4 13. a4 Bd7 14. b3 Na5 15. axb5 axb5
16. Be3 c4 17. b4 Nb3 18. Rxa8 Rxa8 19. Bxb3 cxb3 20. Nfd2 Qc8 21. Kh2 b2 22.
Qb3 g5 23. Qxb2 g4 24. f3 gxh3 25. g3 Qa6 26. c4 bxc4 27. Nc3 Bd8 28. b5 Qa3 29.
Qxa3 Rxa3 30. Rc1 Bxb5 31. Ndb1 Rb3 32. Nd2 Ra3 33. Nxb5 Rxe3 34. Nxc4 Rxf3 35.
Ncxd6 Be7 36. Kxh3 Rf2 37. Rc7 Kf8 38. Rc8+ Kg7 39. Nf5+ Rxf5 40. exf5 Nxd5 41.
Nc7 Nxc7 42. Rxc7 Bg5 43. Kg4 Be3 44. Rc6 h6 45. Ra6 Bd2 46. Kf3 Bc3 47. Ke4 Bd4
48. Rd6 Bf2 49. Kf3 Bd4 50. Rc6 Bg1 51. Ke4 Bf2 52. g4 Bg3 53. Kd5 Bf4 54. Ra6
Bg3 55. Rb6 Bf4 56. Rc6 Bg3 57. Ke4 Bf4 58. Kf3 Bg5 59. Ra6 1/2-1/2

[Event "Bundesliga 2021-22"]
[Site "Berlin GER"]
[Date "2022.07.09"]
[Round "13.1"]
[Board "2"]
[White "Bjerre, Jonas Buhl"]
[Black "Svane, Rasmus"]
[Result "1/2-1/2"]
[WhiteTitle "GM"]
[BlackTitle "GM"]
[WhiteElo "2601"]
[BlackElo "2637"]
[WhiteTeam "SK Doppelbauer Turm Kiel"]
[BlackTeam "Hamburger SK"]
[WhiteFideId "1444948"]
[BlackFideId "4657101"]
[EventDate "2022.03.05"]

1. d4 Nf6 2. c4 e6 3. Nf3 d5 4. Nc3 c5 5. cxd5 cxd4 6. Qxd4 exd5 7. e4 dxe4 8.
Qxd8+ Kxd8 9. Ng5 Be6 10. a3 Nbd7 11. Nxe6+ fxe6 12. g3 Bd6 13. Bg2 Nc5 14. O-O
Be5 15. Nxe4 Nfxe4 16. Re1 Ke7 17. Bxe4 Nxe4 18. Rxe4 Bf6 19. Re2 Rhc8 20. Be3
a5 21. a4 Rc6 22. Ra3 Kd7 23. Rb3 Kc7 24. Bf4+ Kc8 25. Rd2 b6 26. Rb5 Ra7 27.
Be3 Be7 28. Bxb6 Rb7 29. Bxa5 Rxb5 30. axb5 Rc5 31. Bc3 g6 32. Re2 Kd7 33. Re5
Kd6 34. Rxc5 Kxc5 35. Kg2 Kxb5 36. Kf3 Bc5 37. Ke2 Kc4 38. f3 h5 39. h3 Bd6 40.
g4 Bf4 41. Bd2 Be5 42. b4 Bd4 43. Be3 Be5 44. Bc5 Bf4 45. Be7 Bc1 46. gxh5 gxh5
47. Kf2 Bf4 48. Bc5 Kb5 49. Be3 Bd6 50. Bd2 Kc4 51. Ke3 Bc7 52. Ke4 Bd6 53. f4
Bc7 54. Be1 Bd6 55. Ke3 Bc7 56. Kf3 Bd6 57. Ke4 Bc7 58. f5 exf5+ 59. Kxf5 Bd8
60. Kg6 h4 61. Kf7 Bg5 62. Ke6 Kb5 63. Kd6 Bf4+ 64. Kd5 Bg5 65. Ke6 Kc4 66. Kd6
Kb5 67. Kd7 Bf6 68. Bd2 Be5 69. Ke6 Bg3 70. Kf5 Bd6 71. Kg5 Be7+ 72. Kg4 Kc4 73.
Be1 Kb5 74. Bxh4 Bxb4 75. Bg3 Be7 76. Bf4 Kc6 77. Bg5 Kd7 78. h4 Ke6 79. h5 Bxg5
80. Kxg5 Kf7 81. h6 Kg8 82. Kg6 Kh8 83. h7 1/2-1/2

[Event "Bundesliga 2021-22"]
[Site "Berlin GER"]
[Date "2022.07.09"]
[Round "13.1"]
[Board "3"]
[White "Kempinski, Robert"]
[Black "Gavrilescu, David"]
[Result "1/2-1/2"]
[WhiteTitle "GM"]
[BlackTitle "IM"]
[WhiteElo "2568"]
[BlackElo "2512"]
[WhiteTeam "Hamburger SK"]
[BlackTeam "SK Doppelbauer Turm Kiel"]
[WhiteFideId "1105663"]
[BlackFideId "1227190"]
[EventDate "2022.03.05"]

1. d4 d5 2. c4 e6 3. Nf3 Nf6 4. Nc3 Bb4 5. Bg5 h6 6. Bxf6 Qxf6 7. e3 O-O 8. Rc1
dxc4 9. Bxc4 c5 10. O-O cxd4 11. Nxd4 Bd7 12. Qb3 Nc6 13. Nxc6 Bxc3 14. Qxb7
Bxc6 15. Qxc6 Bxb2 16. Rc2 Rac8 17. Qa4 Rc7 18. Bd3 Rxc2 19. Bxc2 Qe7 20. h4 Rc8
21. Qe4 Qc5 22. Rd1 g6 23. Bb3 Qc6 24. Qxc6 1/2-1/2

[Event "Bundesliga 2021-22"]
[Site "Berlin GER"]
[Date "2022.07.09"]
[Round "13.1"]
[Board "4"]
[White "Meshkovs, Nikita"]
[Black "Lampert, Jonas"]
[Result "1-0"]
[WhiteTitle "GM"]
[BlackTitle "GM"]
[WhiteElo "2561"]
[BlackElo "2542"]
[WhiteTeam "SK Doppelbauer Turm Kiel"]
[BlackTeam "Hamburger SK"]
[WhiteFideId "11602740"]
[BlackFideId "1303759"]
[EventDate "2022.03.05"]

1. d4 d5 2. Nf3 Nf6 3. c4 c6 4. Nc3 dxc4 5. e4 b5 6. Be2 e6 7. a4 Bb7 8. O-O a6
9. e5 Nd5 10. Ne4 Be7 11. Bd2 Nd7 12. b3 cxb3 13. Qxb3 O-O 14. Rfc1 Qb6 15. a5
Qa7 16. Qc2 h6 17. Nc5 Nxc5 18. dxc5 Rad8 19. Ra3 Rd7 20. Ne1 f5 21. exf6 Nxf6
22. Nd3 e5 23. Bxh6 e4 24. Ne5 Rd5 25. Rg3 Ne8 26. Qxe4 Bxc5 27. Bd3 Bxf2+ 28.
Kh1 Rxe5 29. Qxe5 Bxg3 30. Qe6+ Kh8 31. Be3 Bc8 32. Qg6 Qxe3 33. Qh7# 1-0

[Event "Bundesliga 2021-22"]
[Site "Berlin GER"]
[Date "2022.07.09"]
[Round "13.1"]
[Board "5"]
[White "Ernst, Sipke"]
[Black "Teclaf, Pawel"]
[Result "1/2-1/2"]
[WhiteTitle "GM"]
[BlackTitle "IM"]
[WhiteElo "2537"]
[BlackElo "2542"]
[WhiteTeam "Hamburger SK"]
[BlackTeam "SK Doppelbauer Turm Kiel"]
[WhiteFideId "1004689"]
[BlackFideId "1185934"]
[EventDate "2022.03.05"]

1. d4 d5 2. c4 dxc4 3. Nf3 a6 4. e3 b5 5. a4 Bb7 6. b3 Nf6 7. bxc4 bxc4 8. Bxc4
e6 9. Nbd2 Nbd7 10. Qb3 Ra7 11. O-O Be7 12. Ba3 c5 13. Rfc1 O-O 14. Bf1 Bd5 15.
Qc3 Ne4 16. Nxe4 Bxe4 17. Nd2 Bd5 18. e4 Ba8 19. dxc5 Bf6 20. Qe3 Bxa1 21. Rxa1
Qf6 22. Rb1 Bc6 23. a5 Qh6 24. Qc3 Qf6 25. Qe3 Qh6 1/2-1/2

[Event "Bundesliga 2021-22"]
[Site "Berlin GER"]
[Date "2022.07.09"]
[Round "13.1"]
[Board "6"]
[White "Parvanyan, Ashot"]
[Black "Svane, Frederik"]
[Result "1/2-1/2"]
[WhiteTitle "IM"]
[BlackTitle "IM"]
[WhiteElo "2462"]
[BlackElo "2496"]
[WhiteTeam "SK Doppelbauer Turm Kiel"]
[BlackTeam "Hamburger SK"]
[WhiteFideId "13307550"]
[BlackFideId "12923044"]
[EventDate "2022.03.05"]

1. Nf3 d5 2. d4 Nf6 3. c4 e6 4. g3 Bb4+ 5. Bd2 Be7 6. Bg2 O-O 7. O-O c6 8. Bc3
b6 9. Nbd2 Bb7 10. b4 dxc4 11. Nxc4 Nd5 12. Qb3 Na6 13. a3 Nxc3 14. Qxc3 Nc7 15.
Rfd1 a5 16. bxa5 b5 17. Qb2 Ra7 18. Ncd2 Rxa5 19. Nb3 Ra7 20. Nc5 Ba8 21. a4 Ra5
22. Ne5 Nd5 23. Bxd5 exd5 24. axb5 Rxb5 25. Qc3 Qc7 26. Ned3 Re8 27. Ra2 Bb7 28.
Nxb7 Qxb7 29. Rc2 Rc8 30. Rdc1 Bd6 31. Qd2 Qd7 32. Nc5 Qg4 33. e3 h5 34. Nd3 Rb6
35. Qe2 Qf5 36. h4 g6 37. Nf4 Re8 38. Qd3 Re4 39. Qd1 Bxf4 40. exf4 Qf6 41. Qd2
Kg7 42. Kg2 Re6 43. Rb2 Ra6 44. Rb8 Ra4 45. Rb4 Ra3 46. Rc3 Rxc3 47. Qxc3 Qf5
48. Rb6 Qe4+ 49. Kh2 Qe2 50. Kg2 Qd1 51. Rb3 Re2 52. Qf3 Qc2 53. Rb6 Re6 54. Rb3
Re2 55. Rb6 Re1 56. f5 gxf5 57. Qf4 Kh7 58. Rb7 Qe4+ 59. Qxe4 fxe4 60. Rxf7+ Kg6
61. Rc7 Rc1 62. Rc8 Kg7 63. g4 hxg4 64. Kg3 Rg1+ 65. Kf4 Rg2 66. Rxc6 Rxf2+ 67.
Kxg4 Rd2 68. h5 Rxd4 69. h6+ Kh7 70. Kg5 Rd1 71. Rc7+ Kg8 72. h7+ Kh8 73. Kh6
Rh1+ 74. Kg6 1/2-1/2

[Event "Bundesliga 2021-22"]
[Site "Berlin GER"]
[Date "2022.07.09"]
[Round "13.1"]
[Board "7"]
[White "Heinemann, Thies"]
[Black "Barseghyan, Armen Ar."]
[Result "0-1"]
[WhiteTitle "GM"]
[BlackTitle "IM"]
[WhiteElo "2495"]
[BlackElo "2348"]
[WhiteTeam "Hamburger SK"]
[BlackTeam "SK Doppelbauer Turm Kiel"]
[WhiteFideId "4601556"]
[BlackFideId "13306707"]
[EventDate "2022.03.05"]

1. e4 c5 2. Nf3 Nc6 3. Bb5 g6 4. Bxc6 bxc6 5. O-O Bg7 6. Re1 Qc7 7. c3 d6 8. d4
cxd4 9. cxd4 Nf6 10. Nc3 O-O 11. Be3 Bg4 12. h3 Bxf3 13. Qxf3 Nd7 14. Qe2 a5 15.
Rac1 Qb7 16. Na4 Rfc8 17. Rc2 Qb4 18. Rc4 Qb5 19. Rec1 e6 20. b3 d5 21. exd5
Qxd5 22. Qc2 Ra6 23. Nc5 Nxc5 24. Rxc5 Qd7 25. Qc4 Qb7 26. d5 exd5 27. Rxd5 a4
28. b4 Raa8 29. Ra5 Bf8 30. Rxa8 Rxa8 31. a3 Rc8 32. Rc2 Qd7 33. Rd2 Qf5 34. Kh2
Qf6 35. Rd7 Re8 36. Qd4 Qe6 37. Ra7 Bg7 38. Qg4 Qd5 39. Rxa4 h5 40. Qg5 Be5+ 41.
Bf4 Bb8 42. Qh6 Qd2 43. Kg3 h4+ 44. Qxh4 Qc3+ 45. Kh2 Qd4 46. Kg3 Re2 47. Kf3
Qe4+ 48. Kg3 Qd4 49. Kf3 Qd1 50. Ra5 Bxf4 51. Kxf4 Qd4+ 52. Kf3 Qxh4 53. Kxe2
Qc4+ 54. Kf3 Qd3+ 55. Kg4 Kg7 56. f3 Qd6 57. f4 Qd3 58. f5 Qe3 59. h4 Qe4+ 60.
Kg3 gxf5 61. Rc5 Qg4+ 62. Kh2 Qxh4+ 63. Kg1 Qe4 64. Kh2 Qf4+ 65. Kh1 Qh6+ 66.
Kg1 Qe3+ 67. Kh2 Qxa3 68. Rxc6 Qxb4 69. Kh1 Qe1+ 70. Kh2 f4 71. Rc2 Qg3+ 72. Kg1
f3 73. Rf2 Qxf2+ 74. Kxf2 fxg2 75. Kxg2 Kg6 76. Kf3 Kf5 77. Kg3 Ke4 0-1

[Event "Bundesliga 2021-22"]
[Site "Berlin GER"]
[Date "2022.07.09"]
[Round "13.1"]
[Board "8"]
[White "Pajeken, Jakob Leon"]
[Black "Bracker, Frank"]
[Result "1/2-1/2"]
[WhiteTitle "IM"]
[BlackTitle "IM"]
[WhiteElo "2382"]
[BlackElo "2364"]
[WhiteTeam "SK Doppelbauer Turm Kiel"]
[BlackTeam "Hamburger SK"]
[WhiteFideId "12942839"]
[BlackFideId "24614343"]
[EventDate "2022.03.05"]

1. Nf3 d5 2. g3 Bg4 3. Bg2 c6 4. c4 e6 5. Qb3 Qb6 6. O-O Qxb3 7. axb3 Nf6 8. Nc3
Nbd7 9. d4 Be7 10. Be3 a6 11. Nd2 h6 12. f3 Bf5 13. Bf2 Bg6 14. e4 dxe4 15.
Ndxe4 O-O 16. Rfe1 Rfe8 17. Bh3 Rad8 18. Re2 Bh5 19. g4 Bg6 20. Bg2 Nxe4 21.
fxe4 e5 22. d5 Nc5 23. b4 Nb3 24. Ra4 Nd4 25. Rd2 b5 26. Rxa6 Bxb4 27. Kf1 bxc4
28. Bxd4 exd4 29. Rxd4 Bxc3 30. bxc3 cxd5 31. exd5 Bd3+ 32. Kf2 Re2+ 33. Kg3
Re3+ 34. Kf2 Re2+ 35. Kg3 Re3+ 36. Kf2 Re2+ 1/2-1/2

[Event "Bundesliga 2021-22"]
[Site "Berlin GER"]
[Date "2022.07.09"]
[Round "13.2"]
[Board "1"]
[White "Jones, Gawain C B"]
[Black "Huschenbeth, Niclas"]
[Result "0-1"]
[WhiteTitle "GM"]
[BlackTitle "GM"]
[WhiteElo "2672"]
[BlackElo "2611"]
[WhiteTeam "Muenchener Schachclub 1836"]
[BlackTeam "FC Bayern Muenchen"]
[WhiteFideId "409561"]
[BlackFideId "24604747"]
[EventDate "2022.03.05"]

1. c4 Nf6 2. g3 e6 3. Bg2 d5 4. Nf3 Be7 5. O-O O-O 6. d4 dxc4 7. Qc2 a6 8. a4 c5
9. dxc5 Bxc5 10. Qxc4 Nbd7 11. Nc3 b5 12. Qd3 Bb7 13. axb5 axb5 14. Rxa8 Qxa8
15. Qxb5 Bc6 16. Qc4 Rb8 17. Ne1 Bxg2 18. Nxg2 Rb4 19. Qa2 Qb7 20. Ne1 Rb3 21.
Qa4 h6 22. Nd3 Ba7 23. Qc4 e5 24. e4 Bd4 25. Re1 Rb6 26. Be3 Rc6 27. Qb5 Rb6 28.
Qa5 Rb3 29. Qd8+ Kh7 30. Qe7 Bxc3 31. bxc3 Rxc3 32. Nxe5 Qxe4 33. Bd2 Rc1 34.
Rxc1 Nxe5 35. Bb4 Nd5 36. Qc5 Nf3+ 37. Kg2 Ne1+ 38. Kf1 Nd3 39. Qc4 Qf3 40. Kg1
Qxf2+ 41. Kh1 Qf3+ 42. Kg1 Nxc1 0-1

[Event "Bundesliga 2021-22"]
[Site "Berlin GER"]
[Date "2022.07.09"]
[Round "13.2"]
[Board "2"]
[White "Santos Ruiz, Miguel"]
[Black "Indjic, Aleksandar"]
[Result "1/2-1/2"]
[WhiteTitle "GM"]
[BlackTitle "GM"]
[WhiteElo "2597"]
[BlackElo "2605"]
[WhiteTeam "FC Bayern Muenchen"]
[BlackTeam "Muenchener Schachclub 1836"]
[WhiteFideId "22291482"]
[BlackFideId "911925"]
[EventDate "2022.03.05"]

1. e4 e5 2. Nf3 Nf6 3. Nxe5 d6 4. Nf3 Nxe4 5. d4 d5 6. Bd3 Bd6 7. O-O O-O 8. c4
c6 9. cxd5 cxd5 10. Nc3 Bf5 11. Qb3 Nd2 12. Bxd2 Bxd3 13. Qxb7 Qd7 14. Qxd7 Nxd7
15. Rfd1 Nb6 16. Bf4 Bxf4 17. Rxd3 Rfc8 18. g3 Bd6 19. Nb5 Bf8 20. Rc3 Na4 21.
Rxc8 Rxc8 22. Nxa7 Ra8 23. Nb5 Nxb2 24. Nc7 Ra5 25. Rb1 Rxa2 26. Nxd5 f6 27. Nc3
Ra3 28. Rxb2 Rxc3 29. Kg2 Be7 30. h4 Kf7 31. Rb8 h5 32. Rb5 g6 33. Ng1 Rd3 34.
Ne2 Bd6 35. Rb6 Ke7 36. Ra6 Kd7 37. Ra8 Ke7 38. Rc8 Ke6 39. Rc3 Rd2 40. Kf3 g5
41. Rb3 gxh4 42. gxh4 f5 43. Ke3 Rd1 44. Rb6 Rh1 45. Nf4+ Kd7 46. Nxh5 Rxh4 47.
Ng7 Re4+ 48. Kd3 Rf4 49. Rb5 Rxf2 50. Nxf5 Kc6 51. Ra5 Bc7 52. Rc5+ Kd7 53. Ne3
Bb6 54. Rh5 Bxd4 55. Kxd4 Rd2+ 56. Kc5 Ke6 57. Rh6+ Kf7 58. Nd5 Kg7 59. Re6 Ra2
60. Kd4 Rd2+ 61. Ke4 Re2+ 62. Ne3 Kf7 63. Rh6 Ke7 64. Kd4 Kf7 65. Nc4 Kg7 66.
Ra6 Kf7 67. Kd5 Ke7 68. Nd6 Rd2+ 69. Ke5 Kd7 70. Ne4 Rd1 71. Nf6+ Ke7 72. Ra7+
Kf8 73. Nh7+ Ke8 74. Nf6+ Kf8 75. Ng4 Rb1 76. Kf5 Ke8 77. Ne5 Kd8 78. Ke6 Kc8
79. Nc4 Kb8 80. Rh7 Rb7 81. Rh1 Kc7 82. Rc1 Rb4 83. Nd6+ Kb6 84. Kd5 Rb3 85.
Rc6+ Ka7 86. Kc5 Rc3+ 87. Nc4 Rc1 88. Rc7+ Kb8 89. Rh7 Kc8 90. Kd5 Kb8 91. Ne3
Rc7 92. Rh1 Rd7+ 93. Kc6 Rc7+ 94. Kd6 Rg7 95. Nf5 Rg6+ 96. Kd7 Ka7 97. Nd6 Kb6
98. Rh5 Rg7+ 99. Ke6 Kc6 100. Rb5 Rg6+ 101. Ke7 Rxd6 102. Rb6+ Kxb6 103. Kxd6 1/2-1/2

[Event "Bundesliga 2021-22"]
[Site "Berlin GER"]
[Date "2022.07.09"]
[Round "13.2"]
[Board "3"]
[White "Martinovic, Sasa"]
[Black "Dragnev, Valentin"]
[Result "1/2-1/2"]
[WhiteTitle "GM"]
[BlackTitle "GM"]
[WhiteElo "2554"]
[BlackElo "2546"]
[WhiteTeam "Muenchener Schachclub 1836"]
[BlackTeam "FC Bayern Muenchen"]
[WhiteFideId "14509792"]
[BlackFideId "1634852"]
[EventDate "2022.03.05"]

1. d4 d5 2. c4 e6 3. Nf3 Nf6 4. g3 Bb4+ 5. Bd2 Be7 6. Bg2 O-O 7. O-O c6 8. Qc2
Nbd7 9. Rd1 b6 10. Bf4 Bb7 11. Ne5 Nh5 12. Bd2 Nhf6 13. Bf4 Nh5 14. Bd2 Nhf6 15.
Bf4 1/2-1/2

[Event "Bundesliga 2021-22"]
[Site "Berlin GER"]
[Date "2022.07.09"]
[Round "13.2"]
[Board "4"]
[White "Lokander, Martin"]
[Black "Horvath, Dominik"]
[Result "0-1"]
[WhiteTitle "IM"]
[BlackTitle "IM"]
[WhiteElo "2475"]
[BlackElo "2486"]
[WhiteTeam "FC Bayern Muenchen"]
[BlackTeam "Muenchener Schachclub 1836"]
[WhiteFideId "1709569"]
[BlackFideId "1642561"]
[EventDate "2022.03.05"]

1. d4 d5 2. c4 e6 3. Nf3 Nf6 4. Nc3 Bb4 5. Qa4+ Nc6 6. a3 Bxc3+ 7. bxc3 Ne4 8.
e3 Nxc3 9. Qc2 Ne4 10. Bd3 f5 11. Rb1 O-O 12. O-O Rf6 13. a4 b6 14. Ba3 Ba6 15.
Rfc1 Na5 16. Ne5 Nxc4 17. Bxc4 dxc4 18. f3 Nd6 19. Qf2 Qe8 20. a5 b5 21. Qg3 Rd8
22. Bc5 Nb7 23. Bb4 Nd6 24. Rd1 Bb7 25. a6 Ba8 26. Bc5 Nc8 27. Qe1 Rh6 28. Qa5
Nb6 29. Bxb6 cxb6 30. Qxb5 Qh5 31. h3 Qg5 32. Kf2 Bd5 33. Rh1 Qh4+ 34. g3 Qe7
35. Qb4 Qc7 36. g4 Rf6 37. g5 Rff8 38. Rbc1 b5 39. Qxb5 Rb8 40. Qd7 Rb2+ 41. Kg3
Qa5 42. h4 Qd2 43. Kf4 Qxe3+ 44. Kxe3 f4# 0-1

[Event "Bundesliga 2021-22"]
[Site "Berlin GER"]
[Date "2022.07.09"]
[Round "13.2"]
[Board "5"]
[White "Berchtenbreiter, Maximilian"]
[Black "Kurmann, Oliver"]
[Result "1/2-1/2"]
[WhiteTitle "IM"]
[BlackTitle "IM"]
[WhiteElo "2513"]
[BlackElo "2462"]
[WhiteTeam "Muenchener Schachclub 1836"]
[BlackTeam "FC Bayern Muenchen"]
[WhiteFideId "24641120"]
[BlackFideId "1308173"]
[EventDate "2022.03.05"]

1. d4 Nf6 2. Nf3 e6 3. g3 d5 4. Bg2 Be7 5. O-O O-O 6. c4 dxc4 7. Qc2 a6 8. a4 c5
9. dxc5 Bxc5 10. Qxc4 Nbd7 11. b4 Be7 12. Qb3 Nb6 13. Rd1 Qc7 14. Be3 Qc4 15.
Nbd2 Qxb3 16. Nxb3 Nbd5 17. Bc5 Re8 18. Ne5 Nxb4 19. a5 Rb8 20. Ba7 Ra8 21. Bc5
Rb8 22. Bxe7 Rxe7 23. Rac1 Kf8 24. Rd4 Nbd5 25. Rdc4 Re8 26. e4 Ne7 27. Rb4 Nd7
28. Nxd7+ Bxd7 29. Nc5 Bc6 30. Rcb1 Red8 31. Bf1 Rd2 32. Ra1 Rc2 33. Nd3 f6 34.
Nf4 e5 35. Rc4 Rd2 36. Ne6+ Kf7 37. Nc5 Bb5 38. Rb4 Nc6 39. Rbb1 Nd4 40. Bxb5
Nxb5 41. Rd1 Rxd1+ 42. Rxd1 Nd4 43. Rb1 Nb5 1/2-1/2

[Event "Bundesliga 2021-22"]
[Site "Berlin GER"]
[Date "2022.07.09"]
[Round "13.2"]
[Board "6"]
[White "Zajogin, Alexander"]
[Black "Radovanovic, Nikola"]
[Result "1/2-1/2"]
[BlackTitle "IM"]
[WhiteElo "2399"]
[BlackElo "2419"]
[WhiteTeam "FC Bayern Muenchen"]
[BlackTeam "Muenchener Schachclub 1836"]
[WhiteFideId "13500430"]
[BlackFideId "900087"]
[EventDate "2022.03.05"]

1. d4 Nf6 2. Nf3 d5 3. Bf4 c5 4. c3 e6 5. e3 Bd6 6. Bb5+ Nc6 7. Qa4 Bxf4 8. exf4
Qb6 9. dxc5 Qxc5 10. Nbd2 O-O 11. O-O Qb6 12. Nb3 Bd7 13. Bxc6 Bxc6 14. Qd4 Qxd4
15. Nbxd4 g6 16. Ne5 Rfc8 17. Rfe1 Be8 18. f3 a5 19. Kf2 Nd7 20. h4 Nc5 1/2-1/2

[Event "Bundesliga 2021-22"]
[Site "Berlin GER"]
[Date "2022.07.09"]
[Round "13.2"]
[Board "7"]
[White "Ciolek, Andreas"]
[Black "Fedorovsky, Michael"]
[Result "1/2-1/2"]
[WhiteTitle "FM"]
[BlackTitle "IM"]
[WhiteElo "2191"]
[BlackElo "2397"]
[WhiteTeam "Muenchener Schachclub 1836"]
[BlackTeam "FC Bayern Muenchen"]
[WhiteFideId "12906727"]
[BlackFideId "14105454"]
[EventDate "2022.03.05"]

1. d4 Nf6 2. Nf3 d5 3. g3 c5 4. Bg2 cxd4 5. O-O h6 6. b3 e6 7. Bb2 Bc5 8. Nxd4
O-O 9. c4 e5 10. Nf3 e4 11. Nd4 Nc6 12. cxd5 Qxd5 13. Nxc6 Qxc6 14. Nd2 Rd8 15.
Rc1 Qb6 16. Bxf6 gxf6 17. Qc2 Bxf2+ 18. Kh1 e3 19. Ne4 Bf5 20. Qc3 Bxe4 21. Bxe4
Rd4 22. Bf3 Rad8 23. Qc7 Qxc7 1/2-1/2

[Event "Bundesliga 2021-22"]
[Site "Berlin GER"]
[Date "2022.07.09"]
[Round "13.2"]
[Board "8"]
[White "Rafiee, Makan"]
[Black "Tadic, Branko"]
[Result "0-1"]
[WhiteTitle "FM"]
[BlackTitle "GM"]
[WhiteElo "2338"]
[BlackElo "2459"]
[WhiteTeam "FC Bayern Muenchen"]
[BlackTeam "Muenchener Schachclub 1836"]
[WhiteFideId "24609340"]
[BlackFideId "916412"]
[EventDate "2022.03.05"]

1. e4 d6 2. d4 Nf6 3. Nc3 e5 4. Nf3 Nbd7 5. Bc4 Be7 6. O-O O-O 7. a4 c6 8. Re1
exd4 9. Nxd4 Ne5 10. Bb3 Re8 11. h3 Ng6 12. f4 h6 13. Qf3 Qa5 14. Be3 Bd8 15.
Bf2 Bb6 16. Rad1 Qh5 17. g4 Nxg4 18. hxg4 Bxg4 19. Qg3 Bxd1 20. Nxd1 d5 21. Nc3
Nh4 22. Kf1 g5 23. e5 Bxd4 24. Bxd4 Nf5 25. Qf2 Nxd4 26. Qxd4 Qf3+ 27. Qf2 Qxf4
28. Qxf4 gxf4 29. Kf2 Re6 30. Kf3 Rae8 31. Kxf4 Kh7 32. Nxd5 cxd5 33. Bxd5 R6e7
34. Kf5 Kg7 35. Rg1+ Kf8 36. Kf6 a5 37. c4 h5 38. Rg5 Re6+ 39. Bxe6 Rxe6+ 40.
Kf5 Rh6 41. Rg3 h4 42. Rh3 Ke7 43. Kf4 Ke6 44. b3 b6 45. Rd3 f6 46. exf6 h3 47.
Rd1 h2 48. Rh1 Kxf6 49. Ke4 Ke6 50. Kf3 Kd6 51. Kg2 Kc5 52. Rd1 h1=Q+ 53. Rxh1
Rxh1 54. Kxh1 Kb4 0-1

[Event "Bundesliga 2021-22"]
[Site "Berlin GER"]
[Date "2022.07.09"]
[Round "13.3"]
[Board "1"]
[White "Ragger, Markus"]
[Black "Mamedyarov, Shakhriyar"]
[Result "1/2-1/2"]
[WhiteTitle "GM"]
[BlackTitle "GM"]
[WhiteElo "2647"]
[BlackElo "2776"]
[WhiteTeam "SG Solingen"]
[BlackTeam "SC Viernheim"]
[WhiteFideId "1610856"]
[BlackFideId "13401319"]
[EventDate "2022.03.05"]

1. e4 e5 2. Nf3 Nc6 3. Bb5 a6 4. Ba4 Nf6 5. O-O Nxe4 6. d4 b5 7. Bb3 d5 8. dxe5
Be6 9. Nbd2 Nc5 10. c3 Be7 11. Bc2 d4 12. Nb3 d3 13. Nxc5 dxc2 14. Qxd8+ Rxd8
15. Nxe6 fxe6 16. Be3 Rd5 17. Rfc1 Nxe5 18. Nxe5 Rxe5 19. Rxc2 Kf7 20. g3 Rd8
21. h4 1/2-1/2

[Event "Bundesliga 2021-22"]
[Site "Berlin GER"]
[Date "2022.07.09"]
[Round "13.3"]
[Board "2"]
[White "Kryvoruchko, Yuriy"]
[Black "Andersen, Mads"]
[Result "1/2-1/2"]
[WhiteTitle "GM"]
[BlackTitle "GM"]
[WhiteElo "2683"]
[BlackElo "2570"]
[WhiteTeam "SC Viernheim"]
[BlackTeam "SG Solingen"]
[WhiteFideId "14109182"]
[BlackFideId "1413864"]
[EventDate "2022.03.05"]

1. e4 e5 2. Nf3 Nc6 3. Bb5 a6 4. Ba4 Nf6 5. O-O Be7 6. d3 b5 7. Bb3 d6 8. a4 Bd7
9. c3 Na5 10. Ba2 bxa4 11. Nbd2 c5 12. Bb1 O-O 13. Bc2 Bb5 14. c4 Bd7 15. Bxa4
Nc6 16. Nb1 Ne8 17. Nc3 Nc7 18. Ra3 f5 19. exf5 Rxf5 20. Nd2 Nd4 21. Nde4 Rb8
22. Bxd7 Qxd7 23. Ne2 d5 24. cxd5 Qxd5 25. Nxd4 cxd4 26. Ra1 Rb6 27. Qe2 Rf8 28.
Nd2 Rg6 29. g3 Bb4 30. Nc4 Re8 31. f3 h5 32. Qe4 Qxe4 33. fxe4 h4 34. Kg2 hxg3
35. hxg3 Rge6 36. Ra4 Bf8 37. Bd2 Rb8 38. Rf3 Rb5 39. Kf2 Ne8 40. Ke2 Nf6 41.
Ra5 Nd7 42. Rf5 Be7 43. Rf1 Rg6 44. Rf3 Re6 45. Rf1 Rg6 46. Rf3 Re6 47. Rf1 1/2-1/2

[Event "Bundesliga 2021-22"]
[Site "Berlin GER"]
[Date "2022.07.09"]
[Round "13.3"]
[Board "3"]
[White "Van Wely, Loek"]
[Black "Korobov, Anton"]
[Result "1/2-1/2"]
[WhiteTitle "GM"]
[BlackTitle "GM"]
[WhiteElo "2613"]
[BlackElo "2695"]
[WhiteTeam "SG Solingen"]
[BlackTeam "SC Viernheim"]
[WhiteFideId "1000268"]
[BlackFideId "14105730"]
[EventDate "2022.03.05"]

1. Nf3 Nf6 2. g3 g6 3. Bg2 Bg7 4. d4 O-O 5. c4 d6 6. Nc3 Nc6 7. O-O a6 8. Bf4
Rb8 9. Rc1 h6 10. d5 e5 11. dxe6 Bxe6 12. b3 Re8 13. Re1 Qd7 14. a3 b5 15. cxb5
axb5 16. b4 Ng4 17. h4 Nge5 18. Nxe5 Nxe5 19. Bxe5 Bxe5 20. Qd2 Bg7 21. Nd5 c5
22. bxc5 dxc5 23. Rxc5 Qa7 24. Qc1 Rec8 25. Rc7 Rxc7 26. Qxc7 Qxc7 27. Nxc7 Bc4
28. Bd5 Bxd5 29. Nxd5 Bb2 30. Ne7+ Kg7 31. Nc6 Rb6 32. Rb1 Bxa3 33. Nd4 b4 34.
e3 1/2-1/2